000
00494nam a2200181Ia 4500
008
100917s9999 xx 000 0 und d
082
_b
31062
100
_a
नाडकर्णी सुरेश
245
_a
कर्करोग
260
_b
प्रिया प्रकाशन
_c
1977
300
_a
95
365
_b
5
520
_a
वैद्यक
630
_a
कर्करोग
650
_a
वैद्यक
730
_a
कर्करोग
942
_c
BOOK
999
_c
636456
_d
636453